La Corte aclaró las viejas discuciones sobre los abortos no punibles (Registro nro. 24979)
[ vista simple ]
| 000 -LEADER | |
|---|---|
| fixed length control field | 00384 a2200109 4500 |
| 001 - CONTROL NUMBER | |
| control field | ART_10822 |
| 005 - DATE AND TIME OF LATEST TRANSACTION | |
| control field | 20260410161851.0 |
| 008 - FIXED-LENGTH DATA ELEMENTS--GENERAL INFORMATION | |
| fixed length control field | 260409a |
| 100 1# - MAIN ENTRY--PERSONAL NAME | |
| Personal name | Figueroa, Francisco |
| 245 10 - TITLE STATEMENT | |
| Title | La Corte aclaró las viejas discuciones sobre los abortos no punibles |
| 773 0# - HOST ITEM ENTRY | |
| Title | Derecho Penal |
| Related parts | Aborto. Muerte digna. Infanticido - Año I, Nº 2 (sep. 2012) |
| Record control number | REV10351 |
No hay ítems disponibles.